| 000 | 00838nam a2200265Ia 4500 | ||
|---|---|---|---|
| 003 | OSt | ||
| 005 | 20220925233557.0 | ||
| 006 | a|||||r|||| 00| 0 | ||
| 007 | ta | ||
| 008 | 220923b |||||||| |||| 00| 0 eng d | ||
| 020 |
_a9788180522970 _c760.75 |
||
| 037 |
_b819, 27/12/2013, Pranami Book Service _cGeneral Book |
||
| 040 |
_aRTL _cRTL _beng |
||
| 041 |
_2eng _aeng |
||
| 082 | _aX9(Y):6, P9 | ||
| 100 |
_aFLOWER Graham _9299016 |
||
| 245 | 0 | _aCustomer information management. | |
| 260 |
_a New Delhi _bAne Books _c2009 |
||
| 300 |
_avii,382p. _ccm. |
||
| 500 | _aBibliography Chapterwise. Glossary: P 310-315 | ||
| 650 | _aCommerce | ||
| 700 |
_a FAWCETT Phil _9299017 |
||
| 942 |
_hX9(Y):6, P9 _cGB _2CC |
||
| 999 |
_c594025 _d594025 |
||